=LDR 00000nam 2200000 4500 =001 INLIS000000000000518 =005 20150318092335.0 =006 =007 =008 Ind =035 ##$$0010-061300000000518 =041 ##$$a Ind =082 ##$$a 631.5 =090 ##$$a 631.5 Mun m =100 ##$$a Munaf, Eva =245 ##$$a Memperbanyak tanaman / Eva Munaf =260 ##$$a Jakarta $b Jelita Akademika $c 1991 =300 ##$$a 67. : ilus. ; 21 cm =650 ##$$a Pengolahan dan penuaian =850 ##$$a NBPNMAT =990 ##$$a 03320332 =990 ##$$a 21106060 =990 ##$$a AN99000350 =990 ##$$a 21106057 =990 ##$$a 21106059 =990 ##$$a 01201900332